00629nam a2200193Ia 4500952014300000999001700143003000400160005001700164008004100181020001800222040000900240082002200249100002900271245003100300260003200331300000900363650001300372942005000385 00102ddc40708SSaMESbMEScMALd2019-02-20g60.00l1o894.812301 ANA/Mp31903r2024-01-31 16:14:09s2024-01-23w2019-02-20yBKzGR30R1 c29220d29220OSt20201228130150.0190216s9999||||xx |||||||||||||| ||und|| a9788171304394 coclc a894.812301bANA/M aAnanthamurthy, U R96419 0aMowni /cU R Ananthamurthy bDc Books,aKottayam:c2007. a110p aKathakal cBK2ddch894.812301iANA/Mk894.812301mANA/M